00590nam a2200169 a 450000500170000000800410001702000180005805000220007610000300009824500950012826000550022330000170027844000340029550000290032952000430035865000190040120140412111224.0000831s19uu xx 00 eng d a1-57471-184-9 aBB EbW675Lo 1996 aWilliams, Rozanne Lanczak aLong ago and today /cwritten by Rozzane Lanczak Williams ; illustrated by Meryl Treatner. aCypress, CA :bCreative Teaching Press Inc,c1996. a16 p. ; ill. aLearn to Read - Read to Learn aIllustrated picture book aComparison of the past and the present aSocial studies